La pared celular : (Record no. 74716)
[ view plain ]
| 000 -CABECERA | |
|---|---|
| campo de control de longitud fija | 02091cam a22004577a 4500 |
| 003 - IDENTIFICADOR DEL NÚMERO DE CONTROL | |
| campo de control | CHAP |
| 005 - FECHA Y HORA DE LA ÚLTIMA TRANSACCIÓN | |
| campo de control | 20241204124512.0 |
| 008 - DATOS DE LONGITUD FIJA--INFORMACIÓN GENERAL | |
| campo de control de longitud fija | 971208d1995 mx a r 00110 spa d |
| 010 ## - NÚMERO DE CONTROL DE LA BIBLIOTECA DEL CONGRESO | |
| Número de control de LC | 74716 |
| 011 ## - ENLACE DEL NUMERO DE CONTROL DE LA BIBLIOTECA DEL CONGRESO [OBSOLETO] | |
| Número de control de LC | 75688 |
| 020 ## - NÚMERO INTERNACIONAL ESTÁNDAR DEL LIBRO | |
| Número Internacional Estándar del Libro | 9688843342 |
| 035 ## - NÚMERO DE CONTROL DEL SISTEMA | |
| Número de control de sistema | 85256 |
| 040 ## - FUENTE DE LA CATALOGACIÓN | |
| Centro/agencia transcriptor | CHAP |
| 082 04 - NÚMERO DE LA CLASIFICACIÓN DECIMAL DEWEY | |
| Número de clasificación | 581.87 |
| Número de documento/Ítem | G37 |
| 100 00 - ENTRADA PRINCIPAL--NOMBRE DE PERSONA | |
| Nombre de persona | García Hernández, Edith del Rocío. |
| 9 (RLIN) | 46116 |
| 245 10 - MENCIÓN DE TÍTULO | |
| Título | La pared celular : |
| Resto del título | componentes fundamentales de las células vegetales |
| Mención de responsabilidad, etc. | /por Edith del R. García Hernández y Cecilia Beatriz Peña Valdivia |
| 260 ## - PUBLICACIÓN, DISTRIBUCIÓN, ETC. | |
| Lugar de publicación, distribución, etc. | Chapingo. Mex.; |
| Nombre del editor, distribuidor, etc. | UACH, |
| Fecha de publicación, distribución, etc. | 1995. |
| 300 ## - DESCRIPCIÓN FÍSICA | |
| Extensión | 96 p. : |
| Otras características físicas | cuadros |
| 590 ## - NOTA LOCAL (RLIN) | |
| Nota local | BATCH-UPD |
| Procedencia (VM) [OBSOLETO] | 10 |
| Condición del los carretes individuales (VM) [OBSOLETO] | 20130110 |
| -- | UCH01 |
| -- | 0048 |
| 590 ## - NOTA LOCAL (RLIN) | |
| Nota local | BATCH-UPD |
| Procedencia (VM) [OBSOLETO] | 10 |
| Condición del los carretes individuales (VM) [OBSOLETO] | 20130110 |
| -- | UCH01 |
| -- | 0825 |
| 590 ## - NOTA LOCAL (RLIN) | |
| Nota local | BATCH-UPD |
| Procedencia (VM) [OBSOLETO] | 10 |
| Condición del los carretes individuales (VM) [OBSOLETO] | 20130409 |
| -- | UCH01 |
| -- | 2035 |
| 590 ## - NOTA LOCAL (RLIN) | |
| Nota local | BATCH-UPD |
| Procedencia (VM) [OBSOLETO] | 10 |
| Condición del los carretes individuales (VM) [OBSOLETO] | 20130410 |
| -- | UCH01 |
| -- | 0503 |
| 590 ## - NOTA LOCAL (RLIN) | |
| Nota local | BATCH-UPD |
| Procedencia (VM) [OBSOLETO] | 10 |
| Condición del los carretes individuales (VM) [OBSOLETO] | 20130914 |
| -- | UCH01 |
| -- | 0944 |
| 590 ## - NOTA LOCAL (RLIN) | |
| Nota local | CONVERSION |
| Procedencia (VM) [OBSOLETO] | 10 |
| Condición del los carretes individuales (VM) [OBSOLETO] | 20130109 |
| -- | UCH01 |
| -- | 1341 |
| 650 14 - PUNTO DE ACCESO ADICIONAL DE MATERIA--TÉRMINO DE MATERIA | |
| Término de materia o nombre geográfico como elemento de entrada | Citología e histología vegetales. |
| 9 (RLIN) | 23495 |
| 700 1# - PUNTO DE ACCESO ADICIONAL--NOMBRE DE PERSONA | |
| Nombre de persona | Peña Valdivia, Cecilia Beatriz |
| 9 (RLIN) | 86847 |
| 901 ## - ELEMENTOS DE DATOS A LOCAL LDA (RLIN) | |
| a | BK |
| 905 ## - ELEMENTOS DE DATOS E LOCAL, LDE (RLIN) | |
| a | Lilia Sánchez G. |
| 942 ## - ELEMENTOS DE PUNTO DE ACCESO ADICIONAL (KOHA) | |
| Tipo de ítem Koha | Libro |
| 949 ## - PROCESAMIENTO DE INFORMACIÓN LOCAL (OCLC) | |
| a | 581.87 G37 |
| b | BC |
| c | LIBRO |
| d | 33724000584413 |
| e | LIBRO |
| h | 92669 |
| i | 85256 |
| k | DonaciØn |
| s | i |
| 949 ## - PROCESAMIENTO DE INFORMACIÓN LOCAL (OCLC) | |
| a | 581.87 G37 |
| b | BC |
| c | LIBRO |
| d | 33724000584421 |
| e | LIBRO |
| f | c. 2 |
| h | 92670 |
| i | 85256 |
| k | DonaciØn |
| s | i |
| 949 ## - PROCESAMIENTO DE INFORMACIÓN LOCAL (OCLC) | |
| a | 581.87 G37 |
| b | BC |
| c | LIBRO |
| d | 33724000584439 |
| e | LIBRO |
| f | c. 3 |
| g | DonaciØn |
| h | 92671 |
| i | 85256 |
| s | i |
| 949 ## - PROCESAMIENTO DE INFORMACIÓN LOCAL (OCLC) | |
| a | 581.87 G37 |
| b | BC |
| c | LIBRO |
| d | 33724000986154 |
| e | LIBRO |
| f | c. 5 |
| g | DonaciØn |
| h | 107722 |
| i | 85256 |
| s | i |
| 949 ## - PROCESAMIENTO DE INFORMACIÓN LOCAL (OCLC) | |
| a | 581.87 G37 |
| b | BC |
| c | LIBRO |
| d | D_26FF6 |
| e | LIBRO |
| f | c. 2 |
| h | 92669 |
| i | 85256 |
| k | DonaciØn |
| s | t |
| 949 ## - PROCESAMIENTO DE INFORMACIÓN LOCAL (OCLC) | |
| a | 581.87 G37 |
| b | BC |
| c | LIBRO |
| d | D_26FF7 |
| e | LIBRO |
| f | c. 3 |
| h | 92669 |
| i | 85256 |
| k | DonaciØn |
| s | t |
| 949 ## - PROCESAMIENTO DE INFORMACIÓN LOCAL (OCLC) | |
| a | 581.87 G37 |
| b | BC |
| c | LIBRO |
| d | D_26FF8 |
| e | LIBRO |
| f | c. 4 |
| h | 92669 |
| i | 85256 |
| k | DonaciØn |
| s | t |
| 949 ## - PROCESAMIENTO DE INFORMACIÓN LOCAL (OCLC) | |
| a | 581.87 G37 |
| b | BC |
| c | LIBRO |
| d | D_26FFA |
| e | LIBRO |
| f | c. 2 |
| h | 92669 |
| i | 85256 |
| k | DonaciØn |
| s | t |
| 949 ## - PROCESAMIENTO DE INFORMACIÓN LOCAL (OCLC) | |
| a | 581.87 G37 |
| b | BC |
| c | LIBRO |
| d | D_26FFB |
| e | LIBRO |
| f | c. 3 |
| h | 92669 |
| i | 85256 |
| k | DonaciØn |
| s | t |
| 949 ## - PROCESAMIENTO DE INFORMACIÓN LOCAL (OCLC) | |
| a | 581.87 G37 |
| b | BC |
| c | LIBRO |
| d | D_26FFC |
| e | LIBRO |
| f | c. 4 |
| h | 92669 |
| i | 85256 |
| k | DonaciØn |
| s | t |
| 949 ## - PROCESAMIENTO DE INFORMACIÓN LOCAL (OCLC) | |
| a | 581.87 G37 |
| b | BC |
| c | UACH |
| d | 852564 |
| e | UACH |
| f | c. 4 |
| h | 92672 |
| i | 85256 |
| k | DonaciØn |
| s | b |
| Estado de retiro | Estado de pérdida | Fuente del sistema de clasificación o colocación | Estado dañado | Restricciones de uso | No para préstamo | Código de colección | Localización permanente | Ubicación/localización actual | Ubicación en estantería | Fecha de adquisición | Fuente de adquisición | Información codificada de la localización en otra ubicación | Total de préstamos | Signatura topográfica completa | Código de barras | Fecha visto por última vez | Precio válido a partir de | Tipo de ítem Koha | Número de copia |
|---|---|---|---|---|---|---|---|---|---|---|---|---|---|---|---|---|---|---|---|
| Dewey Decimal Classification | Préstamo 15 días | General | Biblioteca Central | Biblioteca Central | Planta alta - Colección General | 05/09/2016 | Donacion | LIBRO | 581.87 G37 | 33724000584413 | 31/12/2019 | 31/12/2019 | Libro | ||||||
| Dewey Decimal Classification | Préstamo 15 días | General | Biblioteca Central | Biblioteca Central | Planta alta - Colección General | 05/09/2016 | Donacion | LIBRO | 581.87 G37 | 33724000584421 | 31/12/2019 | 31/12/2019 | Libro | c. 2 | |||||
| Dewey Decimal Classification | Préstamo 15 días | General | Biblioteca Central | Biblioteca Central | Planta alta - Colección General | 31/12/2019 | LIBRO | 581.87 G37 | 33724000584439 | 31/12/2019 | 31/12/2019 | Libro | c. 3 | ||||||
| Dewey Decimal Classification | Préstamo 15 días | General | Biblioteca Central | Biblioteca Central | Planta alta - Colección General | 31/12/2019 | LIBRO | 581.87 G37 | 33724000986154 | 31/12/2019 | 31/12/2019 | Libro | c. 5 | ||||||
| Préstamo interno | Publicaciones UACh | Biblioteca Central | Biblioteca Central | Planta alta - Área de Tesis - UACh | 31/12/2019 | LIBRO | 581.87 G37 | 33724002467058 | 31/12/2019 | 31/12/2019 | Libro | c. 4 | |||||||
| Dewey Decimal Classification | Préstamo 15 días | General | Centro Regional San Luis Acatlán | Centro Regional San Luis Acatlán | 31/12/2019 | LIBRO | 581.87 G37 | 02000000638 | 31/12/2019 | 31/12/2019 | Libro | c.2 | |||||||
| Dewey Decimal Classification | Préstamo 15 días | General | Centro Regional San Luis Acatlán | Centro Regional San Luis Acatlán | 31/12/2019 | LIBRO | 581.87 G37 | 02000000639 | 31/12/2019 | 31/12/2019 | Libro |
